Head for business : intermediate teacher's book /

Zapisane w:
Opis bibliograficzny
1. autor: Naunton, Jon.
Format: Książka
Język:English
Wydane: Oxford : Open University Press, 2000.
Hasła przedmiotowe:
Etykiety: Dodaj etykietę
Nie ma etykietki, Dołącz pierwszą etykiete!
Thư viện lưu trữ: Mạng thư viện Đại học Đà Nẵng
LEADER 00953cam a2200349 i 4500
001 000049106
003 8835
005 20051006161532.0
008 010326b2000 vm 000 eng
020 |a 0194573524 
040 |a IRC  |c IRC  |d IRC 
041 0 |a eng 
082 1 4 |a 428.2402465  |b NA-J 
100 1 |a Naunton, Jon. 
245 0 0 |a Head for business :  |b intermediate teacher's book /  |c Jon Naunton. 
260 |a Oxford :  |b Open University Press,  |c 2000. 
300 |a 96 p. ;  |c 27.5cm. 
630 0 4 |a English language. 
630 0 4 |a Business English. 
650 0 4 |a Business communication. 
650 0 4 |a English language  |x Textbooks for foreign speakers. 
650 0 4 |a English language  |x Business English. 
OWN |a DUT 
999 |a From the UDN01 
TYP |a Monograph 
TYP |a Printed language 
980 |a Mạng thư viện Đại học Đà Nẵng